[Event "Turnier 40 / 120"]
[Site "Wien"]
[Date "2023.08.27"]
[Round "12"]
[White "Mephisto Lyon 68020"]
[Black "Novag Star Diamond"]
[Result "1/2-1/2"]
[WhiteElo "2172"]
[BlackElo "2161"]
[Annotator "Christian"]
[PlyCount "114"]
[EventDate "2023.??.??"]

1. e4 c5 {Runde 12: Sizilianisch, Najdorf Variante / Nach einigen Ungenauigkeiten von Novag Star Diamond kommt Mephisto Lyon 68020 in eine klare Gewinnstellung, verspielt jedoch mit einem Schlag den gesamten Vorteil mit 20. Sc5 ??, an dieser Stelle hätte 20. Lf3 !! die Partie zu seinen Gunsten entschieden, danach verläuft die Partie in ruhigen Bahnen ohne weitere Besonderheiten und endet mit einem Remis. Da war mehr möglich für Lyon 68020. / Stand: 8,0 : 4,0 -- für Novag Star Diamond (66,67 %)} 2. Nf3 d6 3. d4 cxd4 4. Nxd4 Nf6 5. Nc3 a6 6. Be2 e5 7. Nb3 Be7 8. O-O {Buchende} Be6 {Buchende} 9. Bg5 {Buchbewertung Mephisto Lyon 68020: +0,06} Nbd7 {Buchbewertung Novag Star Diamond: +0,07 / lt. Stockfish ist die Stellung etwa gleich} 10. Qd2 d5 11. exd5 Nxd5 12. Bxe7 Nxe7 13. Qd6 Nf5 14. Qb4 Qc7 $4 {ein ganz schlechter Zug, danach steht Weiss bereits klar besser, Stockfish -1,50, nötig war a5 mit Ausgleich} 15. Rad1 O-O-O 16. Nd5 Qd6 17. Qa5 h5 $2 {ein schlechter Zug, deutlich mehr Widerstand leistet noch Kb8, Stockfish -1,70} 18. Nf4 Qe7 $2 {danach ist die Partie bereits verloren, mehr Widerstand leistet noch Dc7, Stockfish -2,50} ({Stockfish dev-20230822-440feecb:} 18... Nd4 19. Nxd4 exd4 20. Nxe6 fxe6 21. c3 e5 22. Bf3 Rde8 23. Rfe1 Nf6 24. cxd4 exd4 25. Qg5 Rxe1+ 26. Rxe1 Rg8 27. g3 Kb8 28. b4 Rd8 29. Qxg7 Rd7 30. Qg5 d3 31. h4 d2 32. Rd1 Qd4 33. Qc5 Qxc5 34. bxc5 Rd3 35. Bg2 Nd5 36. Bxd5 Rxd5 37. Kf1 Rxc5 38. Ke2 Re5+ 39. Kxd2 Kc7 40. f4 Rd5+ 41. Ke2 Rxd1 42. Kxd1 Kd6 43. Kd2 {[%eval 164,33]}) 19. Nxe6 Qxe6 20. Nc5 $4 {ein grottenschlechter Zug, der nahezu den gesamten Vorteil verschenkt, Stockfish +0,30, gewonnen hätte Lf3} (20. Bf3 Qb6 21. Qd5 f6 22. Rd3 Kb8 23. Rfd1 Ka7 24. a4 Nb8 25. Qe4 Rxd3 26. Rxd3 g6) 20... Nxc5 21. Qxc5+ Kb8 22. Bc4 Qf6 23. Rfe1 Rd6 $2 {ein schlechter Zug, danach ist Weiss wieder im Vorteil, Stockfish -0,80, deutlich besser ist Txd1 mit Ausgleich} 24. Rxd6 Nxd6 25. Bb3 e4 $4 {ein ganz schlechter Zug, der eine ganze Bauerneinheit einbüsst, Stockfish -1,80, deutlich besser ist Tc8 mit ca. -0,80} 26. c3 $4 {aber auch Lyon 68020 macht es nicht besser und verschenkt gleich wieder den Grossteil des Vorteiles, Stockfish nur noch +0,40, nötig war Td1} h4 27. Qd4 $2 {verschenkt den letzten Rest des ohnehin nicht mehr grossen Vorteiles, wieder war Td1 die bessere Wahl} Qxd4 28. cxd4 h3 29. Rd1 hxg2 30. Kxg2 Kc7 31. a3 g5 32. Bd5 Kd7 33. h3 Rc8 34. Rd2 Rc1 35. h4 {nicht optimal, danach ist Schwarz etwas im Vorteil, Stockfish -0,70, besser ist Te2 mit Ausgleich} gxh4 36. Kh3 Rh1+ 37. Kg2 Re1 38. Kh3 f5 {etwas besser ist Ke7, Stockfish +0,40} 39. Kxh4 Rg1 40. Kh3 f4 {leichten Vorteil versprach noch b5, nach dem Textzug ist die Stellung im Lot, Stockfish 0,00} 41. Re2 Rd1 42. Bxe4 Rxd4 43. Bg6 f3 44. Re3 Rd2 45. Rxf3 Rxb2 46. Kg3 Ke6 47. Bh7 b5 48. Re3+ Kf6 49. Rd3 Nc4 50. Bg8 a5 51. Rc3 Nd6 52. Rc6 Kg7 53. Rxd6 Kxg8 54. Rd8+ Kf7 55. Rd7+ Ke6 56. Rd3 b4 57. axb4 axb4 {Userentscheid: Remis} 1/2-1/2

[Event "Turnier 40 / 120"]
[Site "Wien"]
[Date "2023.08.28"]
[Round "13"]
[White "Novag Star Diamond"]
[Black "Mephisto Lyon 68020"]
[Result "1/2-1/2"]
[WhiteElo "2161"]
[BlackElo "2172"]
[Annotator "Christian"]
[PlyCount "37"]
[EventDate "2023.??.??"]

{[%evp 0,37,19,-17,1,-25,38,4,6,-30,-31,-34,-34,-13,12,-9,1,1,8,2,-19,-51,-63,-84,-4,-10,-13,0,-8,-69,0,0,0,0,0,0,0,0,0,0]} 1. g3 d5 {Runde 13: Benkö Eröffnung / In dieser Kurzpartie verpasst Lyon 68020 2x die Gelegenheit in Vorteil zu kommen und es endet bereits mit einem Remis durch 3x Stellungswiederholung nach nur 19 Zügen. / Stand: 8,5 : 4,5 ---> für Novag Star Diamond (65,38 %)} 2. Bg2 c6 3. d3 Nf6 4. Nd2 e5 5. e4 {Buchende} dxe4 {Buchende} 6. Nxe4 {Buchbewertung Novag Star Diamond: -0,50} Bb4+ {Buchbewertung Mephisto Lyon 68020: +0,42 / lt. Stockfish ist die Stellung etwa gleich} 7. c3 Nxe4 8. Bxe4 Bd6 9. Be3 $6 {nicht optimal, besser ist d4 mit Ausgleich, Stockfish -0,60} (9. d4 $11) 9... O-O (9... f5 $17) 10. Qh5 $2 {ein schwacher Zug, danach steht Schwarz bereits deutlich besser, Stockfish -1,30, immer noch war d4 die klar bessere Wahl} f5 $1 11. Bg2 f4 $2 {ein ganz schwacher Zug, der nahezu den gesamten Vorteil verspielt, Stockfish +0,30, richtig war Sd7} 12. Be4 $1 {natürlich richtig, Lyon 68020 hatte mit der ganz schwachen Antwort Ld2 gerechnet, danach wäre Schwarz klar im Vorteil} g6 13. Bxg6 Qe7 14. Bc1 $4 {ein völlig absurder Zug, warum zurück in die Starlöcher ?, danach ist die Partie praktisch schon verloren, Stockfish -1,60} hxg6 $4 {so aber nicht, danach ist die Partie Remis, gewonnen hätte Dg7} 15. Qxg6+ Kh8 16. Qh6+ Kg8 17. Qg6+ Kh8 18. Qh6+ Kg8 19. Qg6+ {Stellungswiederholung} 1/2-1/2

[Event "Turnier 40 / 120"]
[Site "Wien"]
[Date "2023.08.28"]
[Round "14"]
[White "Mephisto Lyon 68020"]
[Black "Novag Star Diamond"]
[Result "1-0"]
[WhiteElo "2172"]
[BlackElo "2161"]
[Annotator "Christian"]
[PlyCount "97"]
[EventDate "2023.??.??"]

{[%evp 0,97,14,34,19,17,23,10,25,12,11,12,17,7,12,14,4,9,11,-9,-9,-17,14,3,-2,-18,-18,-18,24,-1,-1,-2,-9,-14,-11,-53,-8,-47,-30,-11,-8,-58,-53,-87,-87,-88,-52,-49,-49,4,10,28,28,54,33,37,64,-6,-10,-10,-10,-8,-17,-11,-3,-2,-7,-42,-24,-42,-24,-11,-9,14,5,5,28,28,70,70,70,72,80,44,27,27,0,0,0,0,0,0,0,0,0,0,1016,1016,1016,1016]} 1. e4 e5 {Runde 14: Spanisch / Ein Mittelspiel mit einigen Fehlern auf beiden Seiten, es geht dann in ein Endspiel mit ausgeglichenen Voraussetzungen, dass auch lange Zeit Remis ist, dann macht allerdings Star Diamond den spielentscheidenden Fehler 47. Kd6 ??, danach ist alles aus, da zeigt Stockfish sofort ein Matt in 21 an, das sieht natürlich ein Oldie nicht, aber danach ist alles erledigt, 47. h5 !! hätte das Remis gehalten. / Stand: 8,5 : 5,5 ---> für Novag Star Diamond (60,71 %)} 2. Nf3 Nc6 3. Bb5 a6 4. Ba4 Nf6 5. O-O Nxe4 6. d4 b5 7. Bb3 d5 8. dxe5 Be6 9. Nbd2 Nc5 10. c3 {Buchende} Be7 {Buchende} 11. Re1 {Buchbewertung Mephisto Lyon 68020: -0,09} Nd3 {Buchbewertung Novag Star Diamond: +0,15 / lt. Stockfish ist die Stellung etwa gleich} 12. Re3 Nxc1 13. Rxc1 Bc5 14. Rd3 O-O 15. Nf1 Ne7 16. Ne3 c6 17. Ng5 $2 {ein schwacher Zug, danach steht Schwarz klar besser, Stockfish -1,30, deutlich besser ist Sd4 mit nur minimalem Vorteil für Schwarz} Qb6 $4 {aber das ist noch schlechter und kehrt sogar die Vorzeichen um, danach ist Weiss leicht im Vorteil, Stockfsih -0,40, nötig war Sf5} 18. Qh5 {nicht optimal, danach ist die Stellung exakt im Lot, Stockfish 0,00, besser ist Lc2} h6 19. Nxe6 fxe6 20. Re1 $2 {ein schlechter Zug, danach ist Schwarz wieder im Vorteil, besser ist Lc2 mit Ausgleich, Stockfish -0,90} Rf4 $2 {so aber nicht, danach ist die Stellung wieder im Lot, nötig war Tf7} 21. Rd2 $2 {ein ganz schlechter Zug, danach ist Schwarz wieder klar im Vorteil, Stockfish -1,70, nötig war g3 mit Ausgleich} Raf8 22. Qh3 R8f5 $4 {ein ganz schlechter Zug, der nahezu den gesamten Vorteil verspielt, Stockfish +0,20, nötig war Sf5} 23. Qg3 Re4 {etwas besser ist Tf8, die Stellung ist wieder im Lot, Stockfish 0,00} 24. Bc2 Rg5 25. Qf3 Rexe5 {nicht optimal, besser ist Lxe3 mit Ausgleich, Stockfish -0,60} 26. Rde2 {etwas besser ist h4, Stockfish +0,30} Ng6 27. Ng4 $1 Bxf2+ $4 {ein ganz schlechter Zug, danach steht Weiss bereits klar besser, nötig war Txe2, Stockfish -1,30} 28. Qxf2 $4 {so aber nicht, danach ist die Stellung wieder im Lot, nötig war Sxf2} Qxf2+ 29. Nxf2 Rxe2 30. Rxe2 Nf4 31. Rd2 Rxg2+ 32. Kh1 Kf7 33. b4 e5 34. Bf5 Ke8 35. Bc8 Kd8 36. Bxa6 Kc7 {Materiell gesehen ist Weiss im Vorteil mit dem Läufer gegen 2 Bauern, die Stellung ist aber Remis, Stockfish 0,00} 37. a4 $1 e4 $1 38. Nxe4 dxe4 39. Rxg2 Nxg2 40. Kxg2 bxa4 41. Kf2 Kd6 42. Bc4 Ke5 43. Ke3 g5 44. Ba2 g4 45. c4 a3 46. b5 cxb5 47. cxb5 Kd6 $2 {ein absoluter Verlustzug, danach ist die Partie sofort verloren, Stockfish Matt in 21, das Remis gesichert hätte h5} ({Stockfish dev-20230822-440feecb:} 47... h5 48. b6 Kd6 49. Kxe4 h4 50. b7 (50. Kf4 g3 51. hxg3 hxg3 52. Kxg3 Kc6 $11) 50... Kc7 51. Bd5 g3 52. hxg3 hxg3 {[%eval 0,71] [%wdl 5,990,5]}) 48. Kxe4 Kc5 49. Kf4 {Rest geschenkt} 1-0

[Event "Turnier 40 / 120"]
[Site "Wien"]
[Date "2023.08.29"]
[Round "15"]
[White "Novag Star Diamond"]
[Black "Mephisto Lyon 68020"]
[Result "1/2-1/2"]
[WhiteElo "2161"]
[BlackElo "2172"]
[Annotator "Christian"]
[PlyCount "129"]
[EventDate "2023.??.??"]

{[%evp 0,92,19,29,70,25,33,32,47,5,4,-26,50,43,62,64,56,44,60,60,62,76,65,65,90,44,45,48,43,-2,18,80,68,64,73,67,71,41,35,26,34,52,35,24,63,69,43,48,41,-9,-5,-3,-22,5,-10,15,5,15,16,6,11,12,47,22,22,25,20,9,7,6,7,3,3,-2,-12,-6,1,0,0,0,0,-16,0,0,0,-127,-156,-157,-139,-138,-129,-99,-93,-139,-170]} 1. Nf3 c6 {Runde 15: Damengambit Slawisch, Smyslov / Eine Partie die lange Zeit in ruhigen Bahnen verläuft bei wechselnden Vor- und Nachteilen mit nur geringen Schwankungen, über das Endspiel verliert man am besten nicht viele Worte, es überfordert beide Geräte einfach hoffnungslos und wird auf einem schauderhaften Niveau ausgetragen. Das Grundprinzip ist dass Star Diamond unzählige Mal das Remis verschenkt und dann Lyon 68020 im Gegenzug wieder den Sieg, es geht oftmals hin und her zwischen diesen beiden Möglichkeiten und erinnert mehr an ein Glücksspiel als an ein Strategiespiel. Letztlich ein ganz bitteres Remis für Lyon 68020, der hier unzählige Gewinnmöglichkeiten liegen lässt und einen halben Punkt verschenkt. / Stand: 9,0 : 6,0 ---> für Novag Star Diamond (60,00 %)} 2. c4 d5 3. d4 Nf6 4. Nc3 dxc4 5. a4 Na6 6. e4 Bg4 7. Bxc4 e6 8. Be3 Nb4 9. O-O Be7 10. h3 Bxf3 11. Qxf3 Nc2 12. Rad1 {Buchende} O-O {Buchende} 13. Qg3 {Buchbewertung Novag Star Diamond: +0,30} Qb6 {Buchbewertung Mephisto Lyon 68020: -0,24 / lt. Stockfish steht Weiss knapp besser mit ca +0,50} 14. Bh6 Ne8 $2 {ein schlechter Zug, danach steht Weiss besser, Stockfish -1,00, nötig war Sh5 mit nur minimalem Vorteil für Weiss mit ca. -0,30} 15. Ne2 {etwas besser ist d5, Stockfish +0,80} Rd8 16. Bf4 Bf6 $2 {naja, das bringt gar nichts, wird ja sofort angegriffen, Stockfish -1,20, besser ist Sb4 oder a6} 17. e5 {natürlich} Be7 18. Bc1 $2 {auch nicht gerade das Gelbe vom Ei, Weiss sollte mit h4 fortsetzen, Stockfish +0,80} Kh8 {besser ist g6, Stockfish -1,20} 19. Qc3 $2 {ein schlechter Zug, der den Vorteil von Weiss mehr als halbiert, Stockfish +0,50, nötig war h4, danach ginge Sxd4 ?? nicht, das würde die Partie sofort verlieren, aber gut d4 ist 3x angegriffen, dafür reicht es halt nicht bei Star Diamond} Nb4 20. Be3 Nd5 {sieht verlockend aus ist aber weniger gut, Stockfish -0,80, besser ist Da5 mit ca. -0,30} 21. Bxd5 cxd5 22. Rc1 {besser ist Sf4, Stockfish +0,50} Rd7 23. Rc2 {besser ist Dd2, nach dem Textzug steht Weiss nur noch eine Nuance besser, Stockfish +0,20} Nc7 24. Rfc1 {etwas besser ist Dd3, die Stellung ist etwa gleich} Na6 25. a5 Qb5 26. Nf4 Nb4 27. Qb3 Qxa5 28. Bd2 Qb6 29. Bxb4 Bxb4 30. Nd3 Be7 $4 {ein ganz schlechter Zug, der Schwarz bereits auf die Verliererstrasse bringt, Stockfish -1,70, nötig war a5 mit Ausgleich} ({Stockfish dev-20230822-440feecb:} 30... a5 31. Nxb4 Qxb4 32. Rc8 Kg8 33. Qxb4 axb4 34. f4 g6 35. Kf2 Rxc8 36. Rxc8+ Kg7 37. g4 b5 38. Rc5 b3 39. Rxb5 Rc7 40. Rc5 Ra7 41. Rc3 Ra4 42. Ke3 Ra1 43. Rxb3 Rh1 44. Kd2 Rh2+ 45. Kc1 Rh1+ {[%eval 0,45] [%wdl 4,992,4]}) 31. Qxb6 $4 {so aber nicht, verschenkt praktisch den gesamten Vorteil, Stockfish +0,20, deutlich stärker ist Da4 mit klarem Vorteil für Weiss} axb6 32. Rc7 Rfd8 33. Rxd7 Rxd7 34. Rc8+ Bd8 35. Kf1 g6 36. Ke1 Kg7 37. Ke2 g5 38. f4 f5 $2 {ein ganz schlechter Zug, danach ist Weiss klar im Vorteil, Stockfish -1,50, nötig war entweder gxf4 oder h5, beides mit Ausgleich} 39. Kf3 $2 {klar schwächer als fxg5, Stockfish +1,00} h6 40. g4 $2 {verspielt den gesamten Vorteil, Stockfish 0,00, nötig war immer noch fxg5 mit klarem Vorteil für Weiss} fxg4+ 41. hxg4 Kg6 42. f5+ $2 {ein unfassbarer MEGABOCK, PRAKTISCH DER EINZIGE ZUG DER VERLIERT, jede andere plausible Fortsetzung ist Remis, egal ob b3, b4, Kg3, Sf2 usw..., Stockfish -4,00} exf5 43. e6 fxg4+ 44. Kxg4 Rd6 45. Ne5+ Kf6 46. b4 Kxe6 47. Rb8 b5 48. Rxb7 Bf6 49. Nf3 Be7 $2 {ein unfassbarer MEGABOCK, der praktisch den gesamten Vorteil verschenkt, Stockfish +0,30, sofort gewonnen hätte h5+ bereits mit +6,50 lt. Stockfish} 50. Rxb5 Ra6 {minimalen Vorteil versprach noch Td8, nach dem Textzug ist die Partie bereits Remis, Stockfish 0,00} 51. Rb8 $2 {so aber nicht, ein absoluter Verlustzug, der die Partie sofort verliert, Stockfish -8,00} Kf6 $2 {verpasst neuerlich den sofortigen Gewinn, der Textzug verschenkt einfach alles, danach ist es wieder Remis, Stockfish 0,00, gewonnen hätte wieder h5+} 52. Rb7 $2 {dieses Endspiel überfordert beide Geräte hoffnungslos, verliert wieder, Stockfish -2,70, das Remis gesichert hätte b5 (das verwirft Star Diamond leider im letzten Augenblick)} Bd6 53. b5 Ra3 $2 {und es geht weiter auf diesem erschreckenden Niveau, verschenkt wieder den Sieg, danach ist die Partie wieder Remis, Stockfish 0,00, gewonnen hätte Ta2} 54. Rb6 Ke6 55. Ne5 Re3 56. Nf7 Re4+ 57. Kh3 Rh4+ 58. Kg2 Kxf7 59. Rxd6 Rxd4 60. Rxh6 {damit ist das Remis praktisch besiegelt, mit den 2 weit voneinander entfernten Isolanies kann Schwarz das nicht mehr gewinnen, der König kann ja immer nur auf eine Seite gehen} Rb4 61. b6 Rb3 62. b7 Kg7 63. Rd6 Rxb7 64. Kf3 Rb4 65. Rxd5 {der letzte Bauer ist natürlich nicht mehr zu verwerten, der weisse König ist schon in Position, Userentscheid: Remis / ein Endspiel auf grauenhaftem Niveau, welches beide Geräte hoffnungslos überforderte mit einem am Ende ganz bitteren Remis aus der Sicht von Lyon 68020, der hier unzählige Gewinnchancen liegen lässt.} 1/2-1/2

[Event "Turnier 40 / 120"]
[Site "Wien"]
[Date "2023.08.30"]
[Round "16"]
[White "Mephisto Lyon 68020"]
[Black "Novag Star Diamond"]
[Result "0-1"]
[WhiteElo "2172"]
[BlackElo "2161"]
[Annotator "Christian"]
[PlyCount "110"]
[EventDate "2023.??.??"]

{[%evp 0,110,19,34,32,-12,32,17,22,35,70,61,64,51,50,29,54,6,17,18,20,21,33,33,33,52,28,29,50,47,69,46,50,54,36,38,21,9,1,0,29,16,32,36,52,43,43,34,31,38,30,30,42,32,34,30,58,55,51,30,30,30,30,39,56,25,22,31,30,16,17,29,33,4,16,4,4,0,0,0,-13,-11,0,0,19,22,15,18,14,6,6,-5,0,0,-17,-27,-17,-70,-103,-106,-106,-106,-118,-121,-143,-282,-325,-338,-347,-370,-370,-471,-475]} 1. d4 d5 {Runde 16: Damengambit angenommen, Janowski Larsen / Bis zum 47. Zug eine fehlerfreie Leistung beider Geräte zu der man nur gratulieren kann, doch dann macht Lyon 68020 mit 48. Kf3 ?? den einzigen Zug, der die Partie verliert, da es ein Schach war gab es nur 4 andere Zugmöglichkeiten und egal ob Lxd5, Kd3, Kd2 oder Ke2, jeder andere Zug hält das Remis, unfassbar eigentlich !! Schade um diese perfekte Leistung bis zum 47. Zug, Lyon 68020 verschenkt hier einen halben Punkt und muss wieder den Ausgleich der Staffel hinnehmen. / Stand: 10,0 : 6,0 ---> für Novag Star Diamond (62,50 %)} 2. c4 dxc4 3. Nf3 Nf6 4. e3 Bg4 5. Bxc4 e6 6. h3 Bh5 7. Nc3 Nbd7 8. g4 Bg6 9. Nh4 Be4 {Buchende} 10. Nxe4 {Buchende} Nxe4 {Buchbewertung Novag Star Diamond: +0,03} 11. Nf3 {Buchbewertung Mephisto Lyon 68020: 0,00 / lt. Stockfish genau richtig !} Nb6 {nicht optimal, danach steht Weiss etwas besser, Stockfish -0,50, besser ist h5 mit Ausgleich} 12. Bd3 Bb4+ {besser ist Dd5, Stockfish -0,70} 13. Ke2 $1 {richtig, Weiss kann nicht mehr rochieren, in dieser Stellung ist das aber egal lt. Stockfish, deutlich schwächer wären Ld2 oder Sd2, nach beiden Zügen wäre Schwarz im Vorteil} Qd5 14. Rg1 O-O-O 15. Qc2 Ng5 16. Nxg5 Qxg5 17. a4 $2 {ein schwacher Zug, danach ist die Stellung wieder im Lot, Stockfish 0,00, deutlich besser ist e4} Qa5 18. b3 h5 19. g5 Rd6 20. Be4 Qa6+ 21. Qd3 Nd5 22. Bb2 Bc3 23. Rab1 Qxd3+ 24. Kxd3 Bxb2 25. Rxb2 Rc6 26. Rbb1 Kd7 27. h4 Rc3+ 28. Kd2 Rc6 29. a5 Re8 30. Rbc1 Ra6 31. Ra1 Rc6 32. Rgc1 Rxc1 33. Rxc1 Rd8 34. g6 f5 35. Bf3 Rh8 36. Rg1 c6 37. Rg3 Kd6 38. Rg5 Nf6 39. Bg2 b6 40. a6 Nd5 41. Bf3 Nc7 42. Rxh5 Rxh5 43. Bxh5 Nxa6 44. Bf3 Nb4 45. e4 fxe4 46. Bxe4 Ke7 47. Ke3 Nd5+ 48. Kf3 $2 {schade um diese perfekte Leistung bis zu diesem Zeitpunkt war die Stellung stets Remis und nun macht Lyon 68020 den einzigen Zug, der die Partie sofort verliert, Stockfish -5,00, jeder andere Zug, egal welcher hält das Remis, Lxd5, Kd3, Kd2 oder Ke2} ({Stockfish dev-20230822-440feecb: 1)} 48. Bxd5 exd5 49. f4 Kf6 50. h5 a5 51. Kd2 Kf5 52. Kd3 c5 53. dxc5 bxc5 54. Kc3 Ke6 55. Kc2 d4 56. Kd3 Kf5 57. Kd2 c4 58. bxc4 a4 59. c5 a3 60. c6 a2 61. c7 a1=Q 62. c8=Q+ Kxf4 63. h6 Qa5+ 64. Kd3 Qa3+ 65. Kxd4 Qe3+ 66. Kd5 gxh6 {[%eval 0,44] [%wdl 5,990,5]}) ({Stockfish dev-20230822-440feecb: 2)} 48. Kd3 Kf6 49. h5 Kg5 50. Bf3 Ne7 51. Ke4 Kf6 52. Ke3 a5 53. Kd3 Kg5 54. Kc4 Kf4 55. Bh1 Kf5 56. Bg2 Nd5 57. Bf3 Kf6 58. Kd3 Nb4+ 59. Kc3 Kf5 60. Kd2 b5 61. Kc3 Kg5 62. Kb2 Nd5 63. Kc2 a4 64. bxa4 bxa4 65. Kb2 Ne7 66. Kc3 Nf5 67. Bd1 a3 68. Kb3 {[%eval -4,43] [%wdl 4,990,6]}) ({Stockfish dev-20230822-440feecb: 3)} 48. Kd2 Kf6 49. h5 Kg5 50. Bf3 Nf6 51. Kd3 Nxh5 52. Ke4 Nf4 53. Ke5 c5 54. dxc5 bxc5 55. Bd1 Nxg6+ 56. Kxe6 Nf4+ 57. Kd6 Nd3 58. Be2 Nxf2 59. Kxc5 Ne4+ 60. Kc6 Kf4 61. Bh5 g5 62. Be2 Nc3 63. Bh5 Na2 64. Kb5 Nc1 65. Ka5 Kf5 66. Kb5 Ke4 67. Ka5 Kf4 68. Kb5 Ke3 69. Bg4 Ke4 70. Bh5 Nd3 71. Ka6 Nc5+ 72. Kxa7 Nxb3 73. Kb6 Kf4 74. Kb5 {[%eval -10,43] [%wdl 3,988,9]}) 48... Kf6 49. Kg4 Ne7 50. h5 Nf5 51. b4 (51. Bxf5 exf5+ 52. Kf4 a5 $19) 51... Nxd4 52. f4 a5 53. bxa5 bxa5 54. Bb1 a4 55. h6 gxh6 {Stockfish Matt in 24 / Rest geschenkt} 0-1